[Event "Belgrade Serbia op"]
[Site "Belgrade"]
[Date "2021.07.07"]
[Round "8"]
[White "Radovanovic, Jovica"]
[Black "Shpanko, Nadiia"]
[Result "0-1"]
[WhiteElo "2326"]
[BlackElo "2203"]
[PlyCount "74"]
[EventDate "2021.07.02"]
[EventType "swiss"]
[EventRounds "9"]
[EventCountry "SRB"]
[SourceTitle "EXT 2022"]
[Source "ChessBase"]
[SourceDate "2021.10.06"]
[SourceVersion "1"]
[SourceVersionDate "2021.10.06"]
[SourceQuality "1"]

1. d4 Nf6 2. c4 e6 3. Nf3 d5 4. g3 Bb4+ 5. Bd2 Be7 6. Bg2 Nbd7 7. 0-0 Ne4 8. Bc1 0-0 9. Qc2 c6 10. Nbd2 f5 11. b3 a5 12. a4 Rb8 13. Bb2 Qe8 14. Ne1 Bd6 15. Ba3 Bxa3 16. Rxa3 Qe7 17. Ra1 c5 18. cxd5 exd5 19. dxc5 Qxc5 20. Rc1 Qb4 21. Nd3 Qd6 22. Rfd1 Ndf6 23. Qc7 Qxc7 24. Rxc7 b5 25. f3 Nxd2 26. Rxd2 bxa4 27. bxa4 Rb1+ 28. Kf2 d4 29. Rb2 Ne4+ 30. fxe4 fxe4+ 31. Bf3 Rxb2 32. Nxb2 Bg4 33. h3 Bxh3 34. Rc4 exf3 35. Rxd4 fxe2+ 36. Kxe2 Bf1+ 37. Ke3 Rb8 0-1

[Event "Belgrade Serbia op"]
[Site "Belgrade"]
[Date "2021.07.03"]
[Round "3"]
[White "Muradli, Mahammad"]
[Black "Radovanovic, Jovica"]
[Result "1-0"]
[WhiteElo "2461"]
[BlackElo "2326"]
[PlyCount "103"]
[EventDate "2021.07.02"]
[EventType "swiss"]
[EventRounds "9"]
[EventCountry "SRB"]
[SourceTitle "CBM 203 Extra"]
[Source "ChessBase"]
[SourceDate "2021.09.30"]
[SourceVersion "1"]
[SourceVersionDate "2021.09.30"]
[SourceQuality "1"]

1. d4 Nf6 2. c4 g6 3. Nc3 Bg7 4. e4 d6 5. Be2 0-0 6. Be3 c5 7. d5 b5 8. cxb5 a6 9. a4 Qa5 10. Bd2 Nbd7 11. Ra3 Qc7 12. Nf3 Qb8 13. 0-0 Re8 14. Re1 Bb7 15. h3 Nf8 16. Bf4 N6d7 17. Qd2 Qc7 18. Rea1 Qa5 19. Qd1 axb5 20. axb5 Qc7 21. Nd2 Rxa3 22. Rxa3 Ra8 23. Rxa8 Bxa8 24. Qa1 Nb6 25. Nc4 Nfd7 26. Qa5 Qb8 27. Na4 Nxa4 28. Qxa4 f5 29. b6 Qc8 30. Qa7 Qb7 31. Bd1 fxe4 32. Ba4 Nxb6 33. Qxb6 Qxb6 34. Nxb6 Bb7 35. b3 Bc3 36. Bd7 Kg7 37. Bc8 Bxc8 38. Nxc8 Kf6 39. Kf1 Ba5 40. Ke2 g5 41. Bxd6 exd6 42. Nxd6 Bb4 43. Nxe4+ Ke5 44. Nxg5 Kxd5 45. Kd3 h6 46. Ne4 Ke5 47. g3 h5 48. f4+ Kf5 49. Ke3 Ba3 50. Nd6+ Ke6 51. Nc4 Bb4 52. Ke4 1-0

[Event "Banja Vrujci GM-1"]
[Site "Banja Vrujci"]
[Date "2021.06.03"]
[Round "9"]
[White "Radovanovic, Jovica"]
[Black "Safarli, Eltaj"]
[Result "0-1"]
[WhiteElo "2323"]
[BlackElo "2598"]
[PlyCount "64"]
[EventDate "2021.05.28"]
[EventType "tourn"]
[EventRounds "9"]
[EventCountry "SRB"]
[EventCategory "7"]
[SourceTitle "CBM 203 Extra"]
[Source "ChessBase"]
[SourceDate "2021.09.30"]
[SourceVersion "1"]
[SourceVersionDate "2021.09.30"]
[SourceQuality "1"]

1. d4 Nf6 2. c4 e6 3. Nc3 Bb4 4. Nf3 b6 5. Bg5 Bb7 6. e3 h6 7. Bh4 g5 8. Bg3 Ne4 9. Nd2 Nxc3 10. bxc3 Bxc3 11. Rc1 Ba5 12. h4 d6 13. Qh5 g4 14. Qxg4 Nd7 15. Qg7 Qf6 16. Qxf6 Nxf6 17. f3 Nh5 18. Bf2 Rg8 19. Rg1 f5 20. Bd3 Ke7 21. Ke2 Ng3+ 22. Bxg3 Rxg3 23. Nb3 Bb4 24. Kf2 Rag8 25. d5 Ba3 26. Rcd1 c5 27. dxc6 Bxc6 28. Nd4 Ba4 29. Bc2 Bxc2 30. Nxc2 Bc5 31. Nd4 f4 32. Rd2 e5 0-1

[Event "Banja Vrujci GM-1"]
[Site "Banja Vrujci"]
[Date "2021.06.01"]
[Round "6"]
[White "Sturt, Raven M"]
[Black "Radovanovic, Jovica"]
[Result "0-1"]
[WhiteElo "2494"]
[BlackElo "2323"]
[PlyCount "126"]
[EventDate "2021.05.28"]
[EventType "tourn"]
[EventRounds "9"]
[EventCountry "SRB"]
[EventCategory "7"]
[SourceTitle "CBM 203 Extra"]
[Source "ChessBase"]
[SourceDate "2021.09.30"]
[SourceVersion "1"]
[SourceVersionDate "2021.09.30"]
[SourceQuality "1"]

1. d4 Nf6 2. c4 g6 3. Nc3 Bg7 4. e4 d6 5. Nf3 0-0 6. Be2 e5 7. Be3 h6 8. 0-0 Ng4 9. Bc1 Nc6 10. d5 Ne7 11. Ne1 f5 12. f3 Nf6 13. Be3 f4 14. Bf2 g5 15. c5 Ng6 16. Nd3 Rf7 17. Kh1 h5 18. Rg1 g4 19. g3 gxf3 20. Bxf3 Ng4 21. cxd6 cxd6 22. Qe2 Qf6 23. Raf1 Bd7 24. a4 Nf8 25. Be1 Qh6 26. Nb5 a6 27. Nc3 Nh7 28. Bd2 Raf8 29. Nf2 Nhf6 30. gxf4 exf4 31. Nd3 Nh7 32. e5 dxe5 33. Nc5 Ng5 34. N3e4 Nxf3 35. Rxf3 Bf5 36. a5 Rd8 37. Qc4 Rc8 38. b4 Kh8 39. Qe2 Rd8 40. Rd3 Rc7 41. Rg2 Qh7 42. h3 Rxc5 43. Nxc5 e4 44. hxg4 f3 45. Qf2 fxg2+ 46. Kxg2 exd3 47. Qxf5 Qxf5 48. gxf5 Rxd5 49. Nxb7 Bf8 50. Kf3 Rxf5+ 51. Ke4 Rb5 52. Nc5 Bxc5 53. bxc5 Rxc5 54. Kxd3 Kh7 55. Ke4 Kg6 56. Kf4 Rc4+ 57. Kg3 Kf5 58. Be1 Ke6 59. Bf2 Kd5 60. Bb6 Kc6 61. Kh3 Ra4 62. Kg3 Kb5 63. Kh3 Rxa5 0-1

[Event "Banja Vrujci GM-1"]
[Site "Banja Vrujci"]
[Date "2021.05.29"]
[Round "2"]
[White "Kowalski, Igor"]
[Black "Radovanovic, Jovica"]
[Result "1-0"]
[WhiteElo "2322"]
[BlackElo "2323"]
[PlyCount "77"]
[EventDate "2021.05.28"]
[EventType "tourn"]
[EventRounds "9"]
[EventCountry "SRB"]
[EventCategory "7"]
[SourceTitle "CBM 203 Extra"]
[Source "ChessBase"]
[SourceDate "2021.09.30"]
[SourceVersion "1"]
[SourceVersionDate "2021.09.30"]
[SourceQuality "1"]

1. e4 c5 2. Nf3 e6 3. g3 Nc6 4. Bg2 Nf6 5. Qe2 d5 6. exd5 Nxd5 7. 0-0 Be7 8. Rd1 0-0 9. d4 cxd4 10. Nxd4 Qb6 11. Nb3 Rd8 12. c4 Nf6 13. Rxd8+ Qxd8 14. Nc3 e5 15. Be3 Bg4 16. Qf1 a5 17. h3 Bh5 18. g4 Bg6 19. Rd1 Qf8 20. Na4 Bc2 21. Rd2 Be4 22. Nbc5 Bxg2 23. Qxg2 Bxc5 24. Nxc5 Rd8 25. Rxd8 Qxd8 26. Nxb7 Qc8 27. Nd6 Qd7 28. c5 h6 29. Qf3 Ne8 30. Nf5 Kh7 31. a3 a4 32. Qe4 Nf6 33. Qxa4 Qd5 34. Qa8 g6 35. Nxh6 Qd1+ 36. Kg2 Qd5+ 37. Kh2 e4 38. g5 Qe5+ 39. Kg2 1-0

[Event "Zalakaros Barczay Memorial"]
[Site "Zalakaros"]
[Date "2019.05.28"]
[Round "6"]
[White "Radovanovic, Jovica"]
[Black "Kantor, Gergely"]
[Result "1/2-1/2"]
[WhiteElo "2306"]
[BlackElo "2516"]
[PlyCount "143"]
[EventDate "2019.05.23"]
[EventType "swiss"]
[EventRounds "9"]
[EventCountry "HUN"]
[SourceTitle "CBM 190 Extra"]
[Source "ChessBase"]
[SourceDate "2019.07.15"]
[SourceVersion "1"]
[SourceVersionDate "2019.07.15"]
[SourceQuality "1"]

1. d4 Nf6 2. c4 e6 3. g3 d5 4. Nf3 Bb4+ 5. Bd2 Be7 6. Bg2 0-0 7. 0-0 Nbd7 8. Qc2 Ne4 9. Bf4 c6 10. Nc3 g5 11. Bc1 f5 12. b3 b6 13. Bb2 Bb7 14. Rad1 Qe8 15. Ne5 Nxe5 16. dxe5 Nxc3 17. Qxc3 g4 18. Qc1 Rf7 19. Ba3 h5 20. Bxe7 Qxe7 21. Qf4 h4 22. Rd3 Rh7 23. Rc1 hxg3 24. Rxg3 Kh8 25. cxd5 cxd5 26. Rgc3 Qd8 27. Rg3 Ba6 28. Bf1 d4 29. b4 Qh4 30. h3 Rg8 31. Kh2 gxh3 32. Qxh4 Rxh4 33. Ra3 Bb7 34. Rxh3 Rxh3+ 35. Bxh3 Bd5 36. a3 f4 37. Rd1 Rg5 38. Rxd4 Rxe5 39. Bg4 f3 40. Bxf3 Bxf3 41. exf3 a5 42. Re4 Rf5 43. Kg3 axb4 44. axb4 Rb5 45. Rg4 Kh7 46. Kg2 Rf5 47. Kg3 Rb5 48. Re4 Kg7 49. Rxe6 Rxb4 50. f4 Kf7 51. Rh6 Rb2 52. f3 Rb5 53. Kg4 Kg7 54. Rc6 Kf7 55. Rh6 Kg7 56. Rd6 Kf7 57. Rc6 Kg7 58. f5 Rb1 59. Kg5 Rg1+ 60. Kf4 Rb1 61. Rc4 Kf6 62. Re4 Rb2 63. Re6+ Kf7 64. Rd6 Rb1 65. Rd2 Kf6 66. Rd4 Rb2 67. Rd6+ Kf7 68. Re6 Rb1 69. Rc6 Rb2 70. Rc4 Kf6 71. Re4 Rb1 72. Re6+ 1/2-1/2

[Event "SRB-chT Central"]
[Site "Kragujevac"]
[Date "2018.09.16"]
[Round "4.4"]
[White "Radovanovic, Jovica"]
[Black "Damljanovic, Branko"]
[Result "1/2-1/2"]
[WhiteElo "2322"]
[BlackElo "2470"]
[PlyCount "107"]
[EventDate "2018.09.14"]
[EventType "team-tourn"]
[EventRounds "11"]
[EventCountry "SRB"]
[SourceTitle "CBM 186 Extra"]
[Source "ChessBase"]
[SourceDate "2018.08.24"]
[SourceVersion "1"]
[SourceVersionDate "2018.08.24"]
[SourceQuality "1"]
[WhiteTeam "Sabac"]
[BlackTeam "Vladimirci"]
[WhiteTeamCountry "SRB"]
[BlackTeamCountry "SRB"]

1. d4 Nf6 2. c4 g6 3. Nf3 Bg7 4. g3 0-0 5. Bg2 d6 6. 0-0 Nc6 7. Nc3 Bf5 8. b3 a5 9. Bb2 e5 10. dxe5 dxe5 11. Qxd8 Rfxd8 12. Rad1 e4 13. Nh4 Bg4 14. h3 Be6 15. g4 h5 16. Nxe4 Nxe4 17. Bxg7 Kxg7 18. Bxe4 hxg4 19. hxg4 Bxg4 20. Nf3 Nb4 21. Bxb7 Rxd1 22. Rxd1 Rb8 23. Ne5 Bxe2 24. Rd2 Rxb7 25. Rxe2 Rb6 26. Nd7 Rd6 27. Nc5 Kf8 28. Kg2 Rd1 29. a3 Nc6 30. Na6 Ra1 31. b4 axb4 32. Nxb4 Nd4 33. Ra2 Rc1 34. a4 Rxc4 35. Nd3 Rc3 36. Ne5 Nc6 37. Nxc6 Rxc6 38. a5 Ra6 39. Kf3 Ke7 40. Ke4 Kd6 41. Kd4 Kc6 42. Kc4 Ra8 43. Ra3 Re8 44. a6 Kb6 45. a7 Kb7 46. Kd5 Rd8+ 47. Kc5 Rh8 48. Rb3+ Kxa7 49. Kc6 Rh4 50. Kxc7 Rc4+ 51. Kd6 Rf4 52. f3 Ka6 53. Kc5 g5 54. Kc6 1/2-1/2

[Event "SRB-chT Central"]
[Site "Kragujevac"]
[Date "2018.09.15"]
[Round "3.4"]
[White "Kostic, Vladimir G"]
[Black "Radovanovic, Jovica"]
[Result "1/2-1/2"]
[WhiteElo "2334"]
[BlackElo "2322"]
[PlyCount "35"]
[EventDate "2018.09.14"]
[EventType "team-tourn"]
[EventRounds "11"]
[EventCountry "SRB"]
[SourceTitle "CBM 186 Extra"]
[Source "ChessBase"]
[SourceDate "2018.08.24"]
[SourceVersion "1"]
[SourceVersionDate "2018.08.24"]
[SourceQuality "1"]
[WhiteTeam "Valjevo Krusik"]
[BlackTeam "Sabac"]
[WhiteTeamCountry "SRB"]
[BlackTeamCountry "SRB"]

1. e4 c5 2. Nc3 Nc6 3. Bb5 Nd4 4. Bc4 e6 5. Nf3 Nf6 6. 0-0 a6 7. Re1 b5 8. Bf1 Bb7 9. d3 Nxf3+ 10. Qxf3 Be7 11. Qg3 0-0 12. Be2 Kh8 13. Bf3 Ne8 14. Bh5 Nf6 15. Bf3 Ne8 16. Bh5 Nf6 17. Bf3 Ne8 18. Bh5 1/2-1/2

[Event "Berlin Werner Ott op"]
[Site "Berlin"]
[Date "2018.07.02"]
[Round "3"]
[White "Radovanovic, Jovica"]
[Black "Heerde, Thomas"]
[Result "1-0"]
[WhiteElo "2311"]
[BlackElo "2010"]
[PlyCount "67"]
[EventDate "2018.06.30"]
[EventType "swiss"]
[EventRounds "9"]
[EventCountry "GER"]
[SourceTitle "CBM 185 Extra"]
[Source "ChessBase"]
[SourceDate "2018.07.29"]
[SourceVersion "1"]
[SourceVersionDate "2018.07.29"]
[SourceQuality "1"]

1. d4 Nf6 2. Nf3 g6 3. c4 Bg7 4. Nc3 0-0 5. e4 d6 6. Be2 e5 7. Be3 Ng4 8. Bg5 f6 9. Bc1 Nc6 10. d5 Nd4 11. Nxd4 exd4 12. Nb5 f5 13. 0-0 Ne5 14. Nxd4 fxe4 15. Be3 c5 16. dxc6 bxc6 17. Nxc6 Nxc6 18. Qd5+ Rf7 19. Qxc6 Bb7 20. Qb5 a6 21. Qb4 a5 22. Qd2 Qf6 23. Rad1 Qxb2 24. Qxb2 Bxb2 25. Rxd6 Ba3 26. c5 Rc7 27. Rfd1 Bc6 28. g4 g5 29. Bc4+ Kg7 30. Bd4+ Kf8 31. Rf6+ Ke8 32. Be5 Ba4 33. Bxc7 Bxd1 34. Bd6 1-0

[Event "Berlin Werner Ott op"]
[Site "Berlin"]
[Date "2018.07.01"]
[Round "2"]
[White "Jaeger, Andre"]
[Black "Radovanovic, Jovica"]
[Result "0-1"]
[WhiteElo "1922"]
[BlackElo "2311"]
[PlyCount "48"]
[EventDate "2018.06.30"]
[EventType "swiss"]
[EventRounds "9"]
[EventCountry "GER"]
[SourceTitle "CBM 185 Extra"]
[Source "ChessBase"]
[SourceDate "2018.07.29"]
[SourceVersion "1"]
[SourceVersionDate "2018.07.29"]
[SourceQuality "1"]

1. d4 Nf6 2. c4 g6 3. g3 Bg7 4. Bg2 0-0 5. Nc3 d6 6. Nf3 Nbd7 7. 0-0 e5 8. e4 exd4 9. Nxd4 Re8 10. h3 a6 11. Bg5 Rb8 12. Qc1 c5 13. Nde2 b5 14. cxb5 axb5 15. a4 b4 16. Nb5 Qb6 17. Rd1 Nxe4 18. Bxe4 Rxe4 19. Rxd6 Qb7 20. Qc2 Re8 21. Rd2 Ne5 22. Nd6 Nf3+ 23. Kh1 Qa8 24. Nxe8 Ne1+ 0-1

[Event "Zalakaros op 37th"]
[Site "Zalakaros"]
[Date "2018.06.01"]
[Round "8"]
[White "Horvath, Adam"]
[Black "Radovanovic, Jovica"]
[Result "1-0"]
[WhiteElo "2481"]
[BlackElo "2311"]
[PlyCount "105"]
[EventDate "2018.05.25"]
[EventType "swiss"]
[EventRounds "9"]
[EventCountry "HUN"]
[SourceTitle "CBM 184 Extra"]
[Source "ChessBase"]
[SourceDate "2018.06.28"]
[SourceVersion "1"]
[SourceVersionDate "2018.06.28"]
[SourceQuality "1"]

1. e4 c5 2. Nf3 d6 3. d4 cxd4 4. Nxd4 Nf6 5. Nc3 a6 6. Be2 g6 7. 0-0 Bg7 8. Re1 0-0 9. Bg5 Nc6 10. Nb3 b5 11. Bf1 h6 12. Bh4 e6 13. Qd2 Qc7 14. Rad1 Ne8 15. a4 b4 16. Ne2 Rb8 17. Ned4 Bd7 18. Bxa6 Nxd4 19. Nxd4 g5 20. Bg3 Bxa4 21. b3 Bd7 22. Bc4 Qc5 23. e5 Rd8 24. exd6 e5 25. Nf3 Bg4 26. Qe2 Nxd6 27. Rd5 Qc6 28. Red1 Qb6 29. Bxe5 Bxe5 30. Qxe5 Nxc4 31. bxc4 Rde8 32. Qg3 Bxf3 33. Qxf3 Re6 34. h4 gxh4 35. Qg4+ Rg6 36. Qxh4 Qc6 37. R1d4 Re8 38. Re4 Ra8 39. Rd8+ Kg7 40. Rxa8 Qxa8 41. Qf4 Qa1+ 42. Kh2 Rg5 43. Qf3 Qf6 44. Rf4 Qg6 45. g3 Qe6 46. Kg2 Ra5 47. Re4 Qg6 48. Rg4 Rg5 49. Rf4 Ra5 50. Qd1 Qc6+ 51. Kh2 Qg6 52. c5 Ra6 53. Rg4 1-0

[Event "Zalakaros op 37th"]
[Site "Zalakaros"]
[Date "2018.05.30"]
[Round "6"]
[White "Gaal, Zsoka"]
[Black "Radovanovic, Jovica"]
[Result "1-0"]
[WhiteElo "2095"]
[BlackElo "2311"]
[PlyCount "126"]
[EventDate "2018.05.25"]
[EventType "swiss"]
[EventRounds "9"]
[EventCountry "HUN"]
[SourceTitle "CBM 184 Extra"]
[Source "ChessBase"]
[SourceDate "2018.06.28"]
[SourceVersion "1"]
[SourceVersionDate "2018.06.28"]
[SourceQuality "1"]

1. Nf3 c5 2. g3 g6 3. Bg2 Bg7 4. d4 cxd4 5. Nxd4 Nc6 6. Nxc6 bxc6 7. 0-0 Rb8 8. c3 Nf6 9. Qc2 0-0 10. b3 d5 11. Bb2 Bf5 12. Qc1 e5 13. Nd2 Qd7 14. Rd1 Bh6 15. Ne4 Bxe4 16. Qxh6 Bxg2 17. Kxg2 Qf5 18. Qe3 Rfe8 19. Rac1 a5 20. Qd3 Qe6 21. e3 c5 22. h4 a4 23. c4 d4 24. exd4 exd4 25. Qf3 axb3 26. axb3 Nd7 27. Ba3 Ne5 28. Qd5 Rxb3 29. Bxc5 Nd3 30. Rc2 Nxc5 31. Rxd4 Qe7 32. Rdd2 Qe4+ 33. f3 Qxd5 34. cxd5 Rd3 35. Rxd3 Nxd3 36. Rd2 Nc5 37. d6 f6 38. Rc2 Nd7 39. g4 Kf7 40. f4 Re4 41. Kf3 Rd4 42. h5 Rxd6 43. hxg6+ hxg6 44. Rc7 Ke7 45. Ra7 Rb6 46. Ra8 Rb8 47. Ra6 Rb3+ 48. Kg2 Nc5 49. Ra7+ Rb7 50. Ra5 Ne6 51. Ra4 g5 52. fxg5 fxg5 53. Ra5 Rb3 54. Rf5 Rc3 55. Ra5 Rc5 56. Ra4 Kf6 57. Kf3 Rc3+ 58. Kg2 Ke5 59. Kf2 Rd3 60. Ra6 Nc5 61. Ra5 Rc3 62. Ra1 Kf4 63. Rg1 Rc2+ 1-0

[Event "Zalakaros op 37th"]
[Site "Zalakaros"]
[Date "2018.05.28"]
[Round "4"]
[White "Galyas, Miklos"]
[Black "Radovanovic, Jovica"]
[Result "1-0"]
[WhiteElo "2508"]
[BlackElo "2311"]
[PlyCount "87"]
[EventDate "2018.05.25"]
[EventType "swiss"]
[EventRounds "9"]
[EventCountry "HUN"]
[SourceTitle "CBM 184 Extra"]
[Source "ChessBase"]
[SourceDate "2018.06.28"]
[SourceVersion "1"]
[SourceVersionDate "2018.06.28"]
[SourceQuality "1"]

1. Nf3 d5 2. c4 d4 3. b4 a5 4. b5 g6 5. g3 Bg7 6. d3 e5 7. a4 Ne7 8. Bg2 0-0 9. 0-0 Nf5 10. Ba3 Re8 11. Nbd2 Nd7 12. Ne4 Nb6 13. Nfd2 Ra7 14. Rc1 h5 15. c5 Nd5 16. Nc4 b6 17. cxb6 cxb6 18. Ncd6 Nxd6 19. Nxd6 Nc3 20. Rxc3 dxc3 21. Nxe8 Qxe8 22. Qc2 e4 23. dxe4 Rd7 24. Bc1 Bb7 25. Be3 Qe6 26. f4 Qc4 27. e5 Bxg2 28. Kxg2 Bf8 29. f5 Bc5 30. e6 fxe6 31. fxe6 Qxe6 32. Bxc5 bxc5 33. Qxc3 Qxe2+ 34. Rf2 Qe4+ 35. Qf3 Qxf3+ 36. Kxf3 Kf7 37. Rc2 Rd3+ 38. Ke4 Rd4+ 39. Ke5 Rxa4 40. Rb2 Rd4 41. b6 Rd8 42. b7 Rb8 43. Kd6 Rd8+ 44. Kxc5 1-0

[Event "Zalakaros op 37th"]
[Site "Zalakaros"]
[Date "2018.05.27"]
[Round "3"]
[White "Radovanovic, Jovica"]
[Black "Biro, Sandor"]
[Result "1/2-1/2"]
[WhiteElo "2311"]
[BlackElo "2191"]
[PlyCount "41"]
[EventDate "2018.05.25"]
[EventType "swiss"]
[EventRounds "9"]
[EventCountry "HUN"]
[SourceTitle "CBM 184 Extra"]
[Source "ChessBase"]
[SourceDate "2018.06.28"]
[SourceVersion "1"]
[SourceVersionDate "2018.06.28"]
[SourceQuality "1"]

1. Nf3 Nf6 2. d4 g6 3. c4 Bg7 4. Nc3 d5 5. Bf4 0-0 6. Rc1 Be6 7. Ng5 c5 8. dxc5 d4 9. Nb5 Nc6 10. Nc7 Nh5 11. Ncxe6 fxe6 12. Nxe6 Qc8 13. Nxf8 Nxf4 14. g3 Nh3 15. Nxg6 hxg6 16. Qc2 Ne5 17. Rd1 Qc6 18. f3 Ng5 19. Bg2 Qxc5 20. f4 d3 21. Rxd3 1/2-1/2

[Event "Skopje Karposh op"]
[Site "Skopje"]
[Date "2018.03.27"]
[Round "5"]
[White "Radovanovic, Jovica"]
[Black "Todorovic, Goran M"]
[Result "1-0"]
[WhiteElo "2305"]
[BlackElo "2441"]
[PlyCount "86"]
[EventDate "2018.03.24"]
[EventType "swiss"]
[EventRounds "9"]
[EventCountry "MKD"]
[SourceTitle "CBM 183 Extra"]
[Source "ChessBase"]
[SourceDate "2018.04.19"]
[SourceVersion "1"]
[SourceVersionDate "2018.04.19"]
[SourceQuality "1"]

1. d4 d5 2. c4 e6 3. g3 Nf6 4. Nf3 dxc4 5. Bg2 a6 6. 0-0 b5 7. Ne5 Nd5 8. a4 Bb7 9. b3 cxb3 10. axb5 axb5 11. Rxa8 Bxa8 12. Qxb3 c6 13. e4 Nc7 14. Qf3 Qf6 15. Bf4 Nca6 16. d5 Bb4 17. Nd3 Qe7 18. Nxb4 Qxb4 19. Qg4 0-0 20. Be5 g6 21. Qf4 Nd7 22. Bd6 e5 23. Bxb4 exf4 24. Bxf8 Kxf8 25. dxc6 Bxc6 26. gxf4 Nac5 27. e5 Bxg2 28. Kxg2 Ke7 29. Nc3 Nd3 30. Kf3 b4 31. Ne4 Nb6 32. Rd1 Nb2 33. Rd4 b3 34. Rb4 N2c4 35. Rxb3 Ke6 36. Rd3 h6 37. h4 Nd7 38. Rd4 Ndb6 39. Nd2 Nxd2+ 40. Rxd2 Nd5 41. Rd3 f6 42. Ke4 f5+ 43. Kf3 h5 1-0

[Event "Skopje Karposh op"]
[Site "Skopje"]
[Date "2018.03.25"]
[Round "2"]
[White "Perunovic, Milos"]
[Black "Radovanovic, Jovica"]
[Result "1-0"]
[WhiteElo "2597"]
[BlackElo "2305"]
[PlyCount "89"]
[EventDate "2018.03.24"]
[EventType "swiss"]
[EventRounds "9"]
[EventCountry "MKD"]
[SourceTitle "CBM 183 Extra"]
[Source "ChessBase"]
[SourceDate "2018.04.19"]
[SourceVersion "1"]
[SourceVersionDate "2018.04.19"]
[SourceQuality "1"]

1. e4 c5 2. Nf3 d6 3. d4 cxd4 4. Nxd4 Nf6 5. Nc3 a6 6. Be3 e5 7. Nb3 Be7 8. h3 Be6 9. Qf3 0-0 10. 0-0-0 a5 11. a4 Na6 12. g4 Rc8 13. Bb5 Nb4 14. g5 Nd7 15. h4 Qc7 16. Kb1 f5 17. Qh3 Nb6 18. Bxb6 Qxb6 19. Rd2 Kh8 20. Re1 Qc7 21. f4 Bxb3 22. cxb3 fxe4 23. f5 d5 24. Nxd5 Nxd5 25. Rxd5 Bb4 26. Re2 Qc1+ 27. Ka2 Rfd8 28. Bc4 Rxd5 29. Bxd5 Rd8 30. Qg2 e3 31. Rc2 Qd1 32. f6 Bf8 33. Bc4 Qd4 34. Qxb7 Qd7 35. Qf3 Qa7 36. h5 Bb4 37. fxg7+ Qxg7 38. Qxe3 Be7 39. g6 h6 40. Qb6 Bg5 41. Rf2 Rf8 42. Rf7 Rxf7 43. gxf7 Be7 44. Qxa5 Qf8 45. Qxe5+ 1-0